=LDR 00000nam 2200000 4500 =001 INLIS000000000033472 =005 20200824080550 =035 ##$$a 0010-061300000033472 =008 200824################g##########0#ind## =041 ##$$a ind =082 ##$$a 301 =090 ##$$a 301, Sud s =100 ##$$a Sudarma, Momon =245 1#$$a Sosiologi untuk kesehatan /$c Momon sudarma;Editor, Aulia novianty =260 ##$$a Jakarta,$c 2009 =300 ##$$a vii,250 hlm : $b Ilus ; $c 19 x 26 cm =650 #4$$a Sosiologi =850 ##$$a NBPNMAT =020 ##$$a 978-979-3027-75-3 =084 ##$$a 301 SUD s =520 ##$$a Bibliografi : hlm.241 - 248 =990 ##$$a 0001/BPAP-NTB/20142014 =990 ##$$a 0001/BPAP-NTB/2015 =990 ##$$a 21005547 =990 ##$$a 0001/BPAP-NTB/2015 =990 ##$$a 0001/BPAP-NTB/2015 =990 ##$$a 21005547